History Quiz

Random History or Artist Quiz

ID American Artists/Sculptors (A-L) Quiz Stats

 Plays Quiz not verified by Sporcle

Challenge
Share
Tweet
Embed
Score 0/21 Timer 10:00
0 Plays Today
% Correct
Adams, Ansel
87.8%
Currier and Ives
77.6%
Audubon, John James
75.5%
Cassatt, Mary
75.5%
Hopper, Edward
73.5%
Lichtenstein, Roy
73.5%
Brumidi, Constantino
71.4%
Calder, Alexander
69.4%
De Kooning, William
69.4%
Johns, Jasper
65.3%
Leutze, Emanuel
59.2%
% Correct
Cole, Thomas
53.1%
Homer, Winslow
53.1%
Borglum, Gutzon
49%
Copley, John Singleton
42.9%
Lawrence, Jacob
42.9%
Benton, Thomas Hart
38.8%
Gorky, Arshile
38.8%
French, Daniel Chester
34.7%
Bingham, George Caleb
28.6%
Hicks, Edward
28.6%

You're not logged in!

Compare scores with friends on all Sporcle quizzes.
Join for Free
OR
Log In

You Might Also Like...

Show Comments

Extras

Top Quizzes Today


Score Distribution

Your Account Isn't Verified!

In order to create a playlist on Sporcle, you need to verify the email address you used during registration. Go to your Sporcle Settings to finish the process.

Report this User

Report this user for behavior that violates our Community Guidelines.

Details: